LEADER 01117nam a2200265 u 4500 001 000000055298 003 CaOOAMICUS 005 20070226115753.0 008 010123s1954 gw u000 u ger u 035 $a10866060 040 $aPUL$bita 100 1 $aHusserl, Edmund,$d1859-1938.$0(OLS)http://pul/name/10441 245 10$aErfahrung und Urteil :$bUntersuchungen zur Genealogie der Logik /$cEdmund Husserl ; redigiert und herausgegeben von Ludwig Landgrebe. 250 $a2. unveränderte Aufl. 260 $aHamburg :$bClaassen,$c1954. 300 $axxv, 478 p. ;$c22 cm 504 $aBibliografia in nota. 650 4$aLogica.$0(OLS)http://pul/subject/441 700 1 $aLandgrebe, Ludwig,$d1902-1991.$0(OLS)http://pul/name/37593 850 $aPUL 852 $aPUL$W1$xSL Filosofia 1$y2$m86 D 102$j72742$nBK-PRI$b $qStampati$B72742$CPULBib$Z2$F72742 $H $81 941 1 $a8 961 $aINV: 82284 996 $6245$aErfahrung und Urteil :$bUntersuchungen zur Genealogie der Logik$9(OLS)http://pul/title/74067 996 $6260$aHamburg :$bClaassen$9(OLS)http://pul/publisher/68961 LEADER 01475nam a2200337 a 4500 001 000000133182 003 CaOOAMICUS 005 20130314121756.0 008 130314s2000 it u000 u ita r 020 $a8879992554 040 $aPUL$bita 082 04$a321.8 245 03$aLa democrazia nel pensiero politico del Novecento /$cantologia di testi a cura di Claudio Vasale, Paolo Armellini ; scritti di Ettore A. Albertoni ... [et al.]. 246 34$aDemocrazia nel Novecento 260 $aRoma :$bAracne,$c©2000. 300 $a523 p. ;$c24 cm 504 $aBibliografia in nota. 650 4$aDemocrazia$xTeorie$ySec. XX.$0(OLS)http://pul/subject/39437 650 4$aPolitica$ySec. XX.$0(OLS)http://pul/subject/23018 700 1 $aVasale, Claudio.$0(OLS)http://pul/name/855 700 1 $aAlbertoni, Ettore A.$0(OLS)http://pul/name/40574 700 1 $aArmellini, Paolo.$0(OLS)http://pul/name/34744 850 $aPUL 852 $aPUL$W1$xSL Diritto e Scienze Sociali 3$y79$m321. 8 VASCL 1$j153120$qDDC 21$B152616$CPULBib$Z2$F152616 $H121952 $82 941 1 $a9 996 $6020$a8879992554$9(OLS)http://pul/number/74117 996 $6082$a321.8$9(OLS)http://pul/classification/710 996 $6246$aDemocrazia nel Novecento$9(OLS)http://pul/title/78345 996 $6245$aLa democrazia nel pensiero politico del Novecento$9(OLS)http://pul/title/78344 996 $6260$aRoma :$bAracne$9(OLS)http://pul/publisher/62189